| 000 | 02155nam a22003137a 4500 | ||
|---|---|---|---|
| 001 | 4574 | ||
| 003 | FISKH | ||
| 005 | 20240917105356.0 | ||
| 008 | 240917b cb ||||| |||| 00| 0 eng d | ||
| 020 | _a9789996389276 | ||
| 040 |
_aFISKH _bKhmer _cFISKH _dFISKH |
||
| 050 | _aPZ7 | ||
| 082 | _a800 | ||
| 100 |
_aAnonymous _eauthor |
||
| 245 |
_aបងប្អូនពីរនាក់ / _cby Anonymous |
||
| 250 | _aបោះពុម្ពឆ្នាំ២០១៥ | ||
| 260 |
_aភ្នំពេញ : _bអផ្សុក ; _c២០១៥ . |
||
| 300 |
_a12 pages : _bcolor illustrations ; _c22 cm . |
||
| 490 | _aនីទានអប់រំសម្រាប់កុមារ | ||
| 505 | _aH | ||
| 520 | _aមានស្វាពីរក្បាលជាបងប្អូននឺងគ្នា ។ ថ្ងៃមួយពួកគេបាននាំគ្នាចូលព្រៃដើម្បើទៅលេងម្តាយ។ នៅក្នុងព្រៃមានព្រានព្រៃដ៏សាហាវម្នាក់គេចង់សម្លាប់មេស្វា ស្វាបងក៏ឃាត់ ភ្លាមនោះស្វាប្អូនក៏មកដល់ ដោយក្តីលោភលន់ព្រានព្រៃក៏សំលាប់ស្វាទាំងបី ។ភ្លាមនោះព្រានព្រៃបានឃើញប្រពន្ធនិងកូនរបស់ខ្លួនស្លាប់ឌោយសាររន្ទះបាញ់ ហើយក៏ត្រូវស្លាប់ដោយសារព្រះធរណីស្រូប។ | ||
| 520 | _aThere are two monkeys as brothers. One day, they went into the forest to visit their mother.In the forest, there was a ferocious hunter who wanted to kill the monkey. The monkey stopped him. The monkey came and greedily killed the three monkeys. And also died by the earth. | ||
| 521 | 8 |
_a430
_bLexile estimate |
|
| 521 | 8 |
_aH
_bRaz-Plus |
|
| 650 | _aព្រានព្រៃ | ||
| 650 | _ahunter | ||
| 942 |
_2ddc _cKHB _n0 |
||
| 999 |
_c4574 _d4574 |
||